Real estate principles (Record no. 18976)
[ view plain ]
| 000 -LEADER | |
|---|---|
| fixed length control field | 00484nam a22001697a 4500 |
| 008 - FIXED-LENGTH DATA ELEMENTS--GENERAL INFORMATION | |
| fixed length control field | 210614b xxu||||| |||| 00| 0 eng d |
| 020 ## - INTERNATIONAL STANDARD BOOK NUMBER | |
| International Standard Book Number | 1260570495 |
| 050 ## - LIBRARY OF CONGRESS CALL NUMBER | |
| Classification number | HD255 |
| Item number | .L56 2021 c.1 |
| 100 ## - MAIN ENTRY--PERSONAL NAME | |
| Personal name | Ling David C. |
| 245 ## - TITLE STATEMENT | |
| Title | Real estate principles |
| Remainder of title | a value approach |
| Statement of responsibility, etc. | David C. Ling |
| 250 ## - EDITION STATEMENT | |
| Edition statement | 6th ed. |
| 260 ## - PUBLICATION, DISTRIBUTION, ETC. (IMPRINT) | |
| Place of publication, distribution, etc. | New York |
| Name of publisher, distributor, etc. | McGrawHill |
| Date of publication, distribution, etc. | 2021 |
| 300 ## - PHYSICAL DESCRIPTION | |
| Extent | xxix, 668p. |
| 650 ## - SUBJECT ADDED ENTRY--TOPICAL TERM | |
| Topical term or geographic name as entry element | Real estate business |
| Geographic subdivision | United States |
| 700 ## - ADDED ENTRY--PERSONAL NAME | |
| Personal name | Archer, Wayne R. |
| 942 ## - ADDED ENTRY ELEMENTS (KOHA) | |
| Source of classification or shelving scheme | Library of Congress Classification |
| Koha item type | General Collection |
| Withdrawn status | Lost status | Source of classification or shelving scheme | Not for loan | Home library | Current library | Date acquired | Cost, normal purchase price | Total Checkouts | Full call number | Barcode | Date last seen | Price effective from | Koha item type |
|---|---|---|---|---|---|---|---|---|---|---|---|---|---|
| Library of Congress Classification | Kabarak, Main Campus | Kabarak, Main Campus | 14/06/2021 | 4216.00 | HD255 .L56 2021 c.1 | 032898 | 02/08/2024 | 14/06/2021 | General Collection | ||||
| Library of Congress Classification | Kabarak, Main Campus | Kabarak, Main Campus | 14/06/2021 | 4216.00 | HD255 .L56 2021 c.2 | 032899 | 02/08/2024 | 14/06/2021 | General Collection | ||||
| Library of Congress Classification | Kabarak, Nakuru City Campus | Kabarak, Nakuru City Campus | 14/06/2021 | 4216.00 | HD255 .L56 2021 c.1 | 032900 | 14/06/2021 | 14/06/2021 | General Collection |